Statistics for DC Superheroes

Click here to take the quiz!

General Stats

  • This quiz has been taken 28 times
  • The average score is 16 of 22

Answer Stats

ClueAlter-EgoAnswer% Correct
Caped CrusaderBruce WayneBatman
100%
Boy in tightsTim DrakeRobin
100%
KryptonianClark KentSuperman
100%
Man in tightsDick GraysonNightwing
96%
Kryptonian's CousinKara DanversSupergirl
96%
Fastest Man AliveBarry AllenThe Flash
96%
AmazonianDiana PrinceWonder Woman
96%
AtlantianArthur CurryAquaman
92%
Paralyzed GeniusBarbara GordonBatgirl
92%
You'd love to be himBilly BatsonSHAZAM
88%
Red-Haired CrusaderKate KaneBatwoman
83%
Fastest Boy AliveWally WestKid Flash
83%
Can shrink and embiggenRaymond PalmerThe Atom
79%
Bike Helmet GuyJason ToddRed Hood
75%
Kryptonian's CloneJonathan KentSuperboy
75%
AmazonianDonna TroyWonder Girl
71%
Magic Woman???Zatanna
54%
AtlantianKaldur'ahmAqualad
50%
Wears the Kryptonian's EmblemJohn IronsSteel
42%
Older Magic ManKent NelsonDoctor Fate
38%
Magic Man???John Constantine
13%
First Fastest Man AliveJay GarrickThe original Flash
13%

Score Distribution

Percentile by Number Answered

Percent of People with Each Score

Your Score History

You have not taken this quiz